| 000 | 00968nam a22002657a 4500 | ||
|---|---|---|---|
| 999 |
_c22613 _d22613 |
||
| 003 | AR-CdUCM | ||
| 008 | 190409b ||||| |||| 00| 0 spa d | ||
| 020 | _a9786124150616 | ||
| 040 |
_aMUNICIPALIDAD PROVINCIAL DEL CUSCO _cBIBLIOTECA MUNICIPAL DEL CUSCO |
||
| 082 |
_a321.8/D1 _bD1 |
||
| 245 |
_aDemocracia y territorio en países unitarios : _buna agenda de investigación pendiente / _cCarla Cueva, Noelia Chávez, Daniel Encinas ... [et al.] |
||
| 260 |
_aLima : _bJurado Nacional de Elecciones, _c2016. |
||
| 300 |
_a74 páginas. : _c21 cm. |
||
| 500 | _zBibliografía: p. 53-72. | ||
| 650 |
_aDemocracia _948659 |
||
| 650 |
_aDescentralización administrativa _912568 |
||
| 650 |
_aAmérica Latina _948660 |
||
| 650 |
_aPerú _948661 |
||
| 700 |
_aCueva, Carla _948662 |
||
| 700 |
_aChávez, Noelia _948663 |
||
| 700 |
_aEncinas, Daniel _948664 |
||
| 710 |
_aJurado Nacional de Elecciones _tentidad editora _948650 |
||
| 942 |
_2ddc _cLIBROS |
||
| 945 | _arac | ||